Comentarios al trabajo de Carlos Sojo: "Los nuevos desafíos de la seguridad en Centroamérica"/
Gespeichert in:
| 1. Verfasser: | |
|---|---|
| Format: | Buch |
| Sprache: | Spanish |
| Tags: |
Tag hinzufügen
Keine Tags, Fügen Sie den ersten Tag hinzu!
|
MARC
| LEADER | 00000nam a22000007a 4500 | ||
|---|---|---|---|
| 003 | cru CIDCACS/IIS | ||
| 005 | 20181011083034.0 | ||
| 007 | ta | ||
| 008 | 181011s1998 gt |||||r|||||||||||spa|d | ||
| 999 | |c 41778 |d 41778 | ||
| 040 | |c cru CIDCACS/IIS | ||
| 100 | 1 | |9 7798 |a Campos Anaya, Oscar R. | |
| 245 | 1 | 4 | |a Comentarios al trabajo de Carlos Sojo: |b "Los nuevos desafíos de la seguridad en Centroamérica"/ |c Oscar R. Campos Anaya |
| 300 | |a páginas 111-118 | ||
| 773 | 0 | |0 41772 |9 2321 |a Rojas Aravena, Francisco |d Guatemala: FLACSO-Guatemala-Chile; P&SA: 1998 |o 17715 |t Sociedad, estado y fuerzas armadas: | |
| 942 | |2 ddc |c LI | ||
